LEADER 00938nam0-22002891i-450- 001 990001845660403321 005 20021010 035 $a000184566 035 $aFED01000184566 035 $a(Aleph)000184566FED01 035 $a000184566 100 $a20021010d--------km-y0itay50------ba 101 0 $aita 200 1 $aRecherches sur l' oxydation catalytique et la pyrogenation de la tetraline, de la decaline, de la pyridine et du furfurol$fFerdinand Barth. 210 $aGeneve$cImprimerie Jent$d1924. 215 $a31 p.$d22 cm 610 0 $aChimica 676 $a540 700 1$aBarth,$bFerdinand$081114 801 0$aIT$bUNINA$gRICA$2UNIMARC 901 $aBK 912 $a990001845660403321 952 $a60 MISC. B 51/12$b$fFAGBC 959 $aFAGBC 996 $aRecherches sur l' oxydation catalytique et la pyrogenation de la tetraline, de la decaline, de la pyridine et du furfurol$9415240 997 $aUNINA DB $aING01 LEADER 01209nas 2200385- 450 001 996321192403316 005 20240204213017.0 011 $a2461-1336 035 $a(OCoLC)1048188106 035 $a(CKB)4100000000886166 035 $a(CONSER)--2019238739 035 $a(EXLCZ)994100000000886166 100 $a20180612a200u9999 s-- - 101 0 $aind 135 $aurmn||||||||| 181 $ctxt$2rdacontent 182 $cc$2rdamedia 183 $acr$2rdacarrier 200 00$aInvotec 210 1$aBandung, Indonesia ::$cUniversitas Pendidikan Indonesia 215 $a1 online resource 300 $aRefereed/Peer-reviewed 311 $a1411-5514 517 1 $aInnovation of Vocational Technology Education 606 $aTechnology$xVocational guidance$vPeriodicals 606 $aTechnology$xVocational guidance$2fast$3(OCoLC)fst01145248 608 $aPeriodicals.$2fast 615 0$aTechnology$xVocational guidance 615 7$aTechnology$xVocational guidance. 712 02$aUniversitas Negeri Semarang, 712 02$aIndonesian Association of Technical and Vocational Education, 906 $aJOURNAL 912 $a996321192403316 996 $aInvotec$92573936 997 $aUNISA